000
00184nam a22000977a 4500
020
_a
J02311
100
_a
Bernard shaww ,G.
245
_a
Arms and Man
300
_a
912
942
_2
ddc
_c
ST
999
_c
4129
_d
4129